| 000 | 00369nam a2200145Ia 4500 | ||
|---|---|---|---|
| 008 | 230917s9999||||xx |||||||||||||| ||und|| | ||
| 040 |
_e69238 _aMAIN |
||
| 041 | _aEnglish | ||
| 082 | _a301.412 B664W | ||
| 100 | _aBoulding, Elise | ||
| 245 | 0 | _aWomen in the twentieth century world | |
| 260 |
_aNew York _bSage Publications _c1977 |
||
| 300 | _a264 p. | ||
| 942 | _cBK | ||
| 999 |
_c190450 _d190450 |
||